000 00925cab a2200229 4500
001 W6396
008 090401t1993 xxu||||| |||| 00| 0 eng d
035 _a(Sirsi) u76027
041 _aeng
245 _aLease: misrepresentation
260 _c1993
350 _a0
490 _aEstates Gazette Case Summaries
_v1993 EGCS 193(1) (27/11/93)
520 _a"Whife and another v Michael Cullen & Partners and others" CA 10 November 1993 involved an allegation of conspiracy over a lease agreement. CA allowed the plaintiff`s appeal, overturning a high court decision striking out claims against third, fourth and fifth defendants. Held that the plaintiff`s amended claim raised a triable misrepresentation issue.
650 _aCONSPIRACY
650 _aFRAUD
650 _aMISREPRESENTATION
650 _aSTRIKING OUT
690 _aLANDLORD AND TENANT-CASE LAW-BUSINESS TENANCIES
942 _n0
948 _c04/03/1997
999 _c47835
_d47835